| 000 | 00837nam a22002057a 4500 | ||
|---|---|---|---|
| 999 |
_c7842 _d7842 |
||
| 003 | AR-CdUCM | ||
| 008 | 190321b ||||| |||| 00| 0 spa d | ||
| 040 |
_aMUNICIPALIDAD PROVINCIAL DEL CUSCO _cBIBLIOTECA MUNICIPAL DEL CUSCO |
||
| 082 |
_a372.19 / _bAG32 |
||
| 100 |
_aAguilar Claros, Guillermo _922178 |
||
| 245 |
_aEvaluación integral y continua : _bun sistema de evaluación del proceso enseñanza-aprendizaje acorde con la escuela renovada activa y funcional / |
||
| 260 |
_aLima : _bUniverso, _c1969. |
||
| 300 |
_a105 páginas ; _c21.5 cm. |
||
| 505 | _aContenido: La evaluación tradicional -- La evaluación continua -- La evaluación única -- El registro de evaluación. | ||
| 650 |
_aAprendizaje _92143 |
||
| 650 |
_aRendimiento académico _922179 |
||
| 650 |
_aEvaluación _99938 |
||
| 942 |
_2ddc _cLIBROS |
||
| 945 | _aafb | ||